000 00287nam a2200109Ia 4500
008 220214s9999 xx 000 0 und d
245 0 _aEconomic Times
260 _bEconomic Times
_aBombay
500 _aEnding Volume & Year: 1981,
500 _aStarting Volume & Year: 1964,
942 _cBJ
999 _c6426
_d6426